| 000 | 01194nam a22003617a 4500 | ||
|---|---|---|---|
| 003 | CHAP | ||
| 005 | 20220329133734.0 | ||
| 008 | 971013s1992 r 00010 d | ||
| 010 | _a10146 | ||
| 011 | _a11118 | ||
| 035 | _a10356 | ||
| 040 | _cCHAP | ||
| 082 |
_a631.4 _bS64 |
||
| 100 | 0 | 0 |
_aSposito, Garrison _eed _9109266 |
| 245 | _aOpportunities in basic soil science research | ||
| 260 |
_aMadison, Wisconsin : _bSoil Science Society of America, _c1992 |
||
| 300 |
_a109 p. _b: ilus |
||
| 590 |
_aBATCH-UPD _b10 _c20130109 _lUCH01 _h2357 |
||
| 590 |
_aBATCH-UPD _b10 _c20130110 _lUCH01 _h1513 |
||
| 590 |
_aBATCH-UPD _b10 _c20130409 _lUCH01 _h1931 |
||
| 590 |
_aBATCH-UPD _b10 _c20130410 _lUCH01 _h0929 |
||
| 590 |
_aBATCH-UPD _b10 _c20130914 _lUCH01 _h1959 |
||
| 590 |
_aCONVERSION _b10 _c20130109 _lUCH01 _h1306 |
||
| 650 | 1 | 4 |
_aSuelos. _9110191 |
| 650 | 1 | 4 |
_aSuelos _xBiología. _9110219 |
| 650 | 1 | 4 |
_aSuelos _xFísica de. _9110373 |
| 650 | 1 | 4 |
_aSuelos _xInvestigación. _9110405 |
| 650 | 1 | 4 |
_aSuelos _xQuímica de. _9110470 |
| 700 | 0 |
_aReginato, Robert J. _eed _995643 |
|
| 901 | _aBK | ||
| 942 | _cLIBRO | ||
| 949 |
_a631.4 S64 _bBC _cLIBRO _d33724000064432 _eLIBRO _gI. c/e _h86444 _i10356 _si _t52.00 |
||
| 999 |
_c10146 _d10146 |
||